Sports Quiz

Random Sports Quiz

Formula One Drivers (1968 Season) Quiz Stats

Quiz not verified by Sporcle

Challenge
Share
Tweet
Embed
Score 0/46 Timer 06:00
0 Plays Today
Team Driver % Correct
Team Lotus/Gold Leaf Team LotusGraham Hill
97.3%
Matra InternationalJackie Stewart
91.9%
Team Lotus/Gold Leaf Team LotusJim Clark
89.2%
Scuderia Ferrari SpA SEFACJacky Ickx
89.2%
Bruce McLaren Motor RacingDenny Hulme
86.5%
Bruce McLaren Motor RacingBruce McLaren
86.5%
Owen Racing OrganisationPedro Rodríguez
86.5%
Brabham Racing OrganisationJack Brabham
83.8%
Brabham Racing OrganisationDan Gurney
83.8%
Anglo American RacersDan Gurney
83.8%
Honda RacingJohn Surtees
83.8%
Scuderia Ferrari SpA SEFACChris Amon
83.8%
Team GunstonJohn Love
83.8%
Brabham Racing OrganisationJochen Rindt
81.1%
Rob Walker/Jack Durlacher Racing TeamJo Siffert
81.1%
Joakim Bonnier Racing TeamJo Bonnier
78.4%
Matra InternationalJean-Pierre Beltoise
75.7%
Matra SportsJean-Pierre Beltoise
75.7%
Team Lotus/Gold Leaf Team LotusMario Andretti
73%
Team Lotus/Gold Leaf Team LotusJackie Oliver
67.6%
Matra SportsHenri Pescarolo
67.6%
Cooper Car CompanyJohnny Servoz-Gavin
64.9%
Matra InternationalJohnny Servoz-Gavin
64.9%
Team Driver % Correct
Cooper Car CompanyLudovico Scarfiotti
56.8%
Owen Racing OrganisationMike Spence
51.4%
Owen Racing OrganisationRichard Attwood
48.6%
Cooper Car CompanyBrian Redman
45.9%
Reg Parnell RacingPiers Courage
45.9%
Team Lotus/Gold Leaf Team LotusMoisés Solana
43.2%
Honda RacingJo Schlesser
43.2%
Scuderia Ferrari SpA SEFACDerek Bell
40.5%
Scuderia ScribanteDave Charlton
40.5%
Cooper Car CompanyLucien Bianchi
37.8%
Team PretoriaJackie Pretorius
37.8%
Charles Vögele RacingSilvio Moser
35.1%
Bayerische Motoren Werke AGHubert Hahne
35.1%
Scuderia Ferrari SpA SEFACAndrea de Adamich
32.4%
Team Lotus/Gold Leaf Team LotusBill Brack
24.3%
Honda RacingDavid Hobbs
24.3%
Cooper Car CompanyVic Elford
24.3%
Caltex Racing TeamKurt Ahrens, Jr.
24.3%
Bernard White RacingFrank Gardner (DNQ Italian GP)
21.6%
Owen Racing OrganisationBobby Unser
16.2%
Team GunstonSam Tingle
16.2%
Cooper Car CompanyRobin Widdows
8.1%
John LoveBasil van Rooyen
8.1%

You're not logged in!

Compare scores with friends on all Sporcle quizzes.
Sign Up with Email
OR
Log In

You Might Also Like...

Show Comments

Extras

Top Quizzes Today


Score Distribution

Your Account Isn't Verified!

In order to create a playlist on Sporcle, you need to verify the email address you used during registration. Go to your Sporcle Settings to finish the process.